[Event "4NCL/Div4/CONQ vs. GUI5"]
[Site "West Bromwich ENG"]
[Date "2006.05.29"]
[Round "11.3"]
[White "Cork, David J"]
[Black "Shepley, Julien M"]
[Result "1/2-1/2"]
[WhiteElo "1955"]
[BlackElo "2085"]
[PlyCount "60"]
[EventDate "2006.05.29"]
[EventType "team"]
[EventRounds "11"]
[EventCountry "ENG"]
[SourceDate "2006.05.01"]
[WhiteTeam "Conquistadors"]
[BlackTeam "Guildford-ADC 5"]

1. e4 d5 2. exd5 Qxd5 3. d4 e5 4. dxe5 Qxd1+ 5. Kxd1 Nc6 6. f4 Bg4+ 7. Be2
O-O-O+ 8. Bd2 Bf5 9. g4 Be4 10. Bf3 Bxf3+ 11. Nxf3 f6 12. Re1 Bc5 13. Nc3 fxe5
14. Nxe5 Nxe5 15. fxe5 Nh6 16. h3 Nf7 17. Ne4 Be7 18. e6 Ng5 19. Nxg5 Bxg5 20.
Re2 Rhe8 21. Ke1 Bxd2+ 22. Rxd2 Rxe6+ 23. Re2 Rde8 24. Rxe6 Rxe6+ 25. Kf2 Kd7
26. c4 Re4 27. Rc1 Ke6 28. Kf3 Ke5 29. b3 Rf4+ 30. Ke3 Re4+ 1/2-1/2

[Event "4NCL/Div4/CONQ vs. GUI5"]
[Site "West Bromwich ENG"]
[Date "2006.05.29"]
[Round "11.4"]
[White "Bryant, Richard"]
[Black "Auckland, Elliot"]
[Result "1-0"]
[WhiteElo "2060"]
[BlackElo "1670"]
[PlyCount "101"]
[EventDate "2006.05.29"]
[EventType "team"]
[EventRounds "11"]
[EventCountry "ENG"]
[SourceDate "2006.05.01"]
[WhiteTeam "Guildford-ADC 5"]
[BlackTeam "Conquistadors"]

1. e4 e5 2. Nf3 Nc6 3. d4 exd4 4. c3 Nf6 5. e5 Qe7 6. cxd4 d6 7. Bb5 Bd7 8. O-O
dxe5 9. dxe5 Ng8 10. Bg5 Qe6 11. Re1 h6 12. Be3 Bb4 13. Nc3 Bxc3 14. bxc3 Nge7
15. Qe2 a6 16. Bc4 Qg6 17. Rab1 b5 18. Bd3 Bf5 19. Bxf5 Qxf5 20. Bc5 O-O 21. c4
Qe6 22. Rec1 Rfe8 23. cxb5 axb5 24. Bxe7 Rxe7 25. Rc5 Rxa2 26. Qxb5 Na7 27. Qd3
Nc6 28. Qe4 Nd8 29. h3 f5 30. Qb4 Ra6 31. Nd4 Qf7 32. Qb8 Qe8 33. Nxf5 Rd7 34.
Rxc7 Re6 35. Rxd7 Qxd7 36. Qb3 Kh7 37. Rd1 Qc7 38. Ne3 Re8 39. Qd3+ Kh8 40. Ng4
Nc6 41. Qd6 Qb7 42. Rc1 h5 43. Qg6 Re7 44. Qxh5+ Kg8 45. Qf5 Re8 46. Qg6 Rc8
47. Nh6+ Kh8 48. Nf5 Kg8 49. Qe6+ Kh7 50. Rc4 Rf8 51. Rh4# 1-0

[Event "4NCL/Div4/CONQ vs. GUI5"]
[Site "West Bromwich ENG"]
[Date "2006.05.29"]
[Round "11.5"]
[White "Sathiraju, Vijay"]
[Black "Gunn, Michael J"]
[Result "1/2-1/2"]
[WhiteElo "1604"]
[BlackElo "1815"]
[PlyCount "51"]
[EventDate "2006.05.29"]
[EventType "team"]
[EventRounds "11"]
[EventCountry "ENG"]
[SourceDate "2006.05.01"]
[WhiteTeam "Conquistadors"]
[BlackTeam "Guildford-ADC 5"]

1. d4 d5 2. c4 dxc4 3. e3 Nf6 4. Bxc4 e6 5. Nf3 Be7 6. Nc3 O-O 7. O-O c5 8. a3
Nc6 9. dxc5 Bxc5 10. b4 Be7 11. Bb2 Qc7 12. Qc2 Nxb4 13. Qb3 Nc6 14. Rac1 Na5
15. Nb5 Qc5 16. Qa4 Nxc4 17. Rxc4 Qb6 18. Bd4 Qd8 19. Nxa7 Bd7 20. Qb3 Qb8 21.
Nb5 Bxb5 22. Qxb5 Rxa3 23. Rb1 Rd8 24. g3 b6 25. Qxb6 Qa8 26. Qb7 1/2-1/2

[Event "4NCL/Div4/PONTY vs. RICB"]
[Site "West Bromwich ENG"]
[Date "2006.05.29"]
[Round "11.1"]
[White "Gilbert, Jonathan A"]
[Black "O'Toole, George E"]
[Result "1/2-1/2"]
[WhiteElo "2055"]
[BlackElo "2060"]
[PlyCount "51"]
[EventDate "2006.05.29"]
[EventType "team"]
[EventRounds "11"]
[EventCountry "ENG"]
[SourceDate "2006.05.01"]
[WhiteTeam "Pontypridd"]
[BlackTeam "Richmond B"]

1. d4 Nf6 2. c4 c5 3. d5 b5 4. cxb5 a6 5. bxa6 g6 6. Nc3 Bxa6 7. f4 d6 8. Nf3
Bg7 9. e4 Bxf1 10. Rxf1 Qa5 11. e5 Ne4 12. Qd3 Nxc3 13. Bd2 O-O 14. Bxc3 Qc7
15. h4 Nd7 16. h5 dxe5 17. hxg6 fxg6 18. Ng5 Qd6 19. Qh3 h5 20. g4 Rxf4 21.
gxh5 Rxf1+ 22. Qxf1 Rf8 23. Qg2 gxh5 24. Ne6 Rf7 25. O-O-O Nf8 26. Nxg7 1/2-1/2

[Event "4NCL/Div4/PONTY vs. RICB"]
[Site "West Bromwich ENG"]
[Date "2006.05.29"]
[Round "11.2"]
[White "Gaudeau, Valentin"]
[Black "Adams, Mark A"]
[Result "1/2-1/2"]
[WhiteElo "1885"]
[BlackElo "2079"]
[PlyCount "51"]
[EventDate "2006.05.29"]
[EventType "team"]
[EventRounds "11"]
[EventCountry "ENG"]
[SourceDate "2006.05.01"]
[WhiteTeam "Richmond B"]
[BlackTeam "Pontypridd"]

1. d4 Nf6 2. Nf3 e6 3. g3 b6 4. Bg2 Bb7 5. c4 c5 6. O-O cxd4 7. Bg5 Bxf3 8.
exf3 Nc6 9. f4 Be7 10. Nd2 h6 11. Bh4 Rc8 12. Nf3 O-O 13. Nxd4 Nxd4 14. Qxd4
Qc7 15. Rac1 Qc5 16. Bxf6 Bxf6 17. Qxd7 Bxb2 18. Rc2 Qa3 19. Rb1 Rfd8 20. Qb5
Bf6 21. Bb7 Rc7 22. Rb3 Qd6 23. Bf3 Rc5 24. Qb4 Rc7 25. Qxd6 Rxd6 26. Be2
1/2-1/2

[Event "4NCL/Div4/PONTY vs. RICB"]
[Site "West Bromwich ENG"]
[Date "2006.05.29"]
[Round "11.3"]
[White "Taylor, Robert G"]
[Black "Graham, Louis"]
[Result "0-1"]
[WhiteElo "2002"]
[BlackElo "1900"]
[PlyCount "72"]
[EventDate "2006.05.29"]
[EventType "team"]
[EventRounds "11"]
[EventCountry "ENG"]
[SourceDate "2006.05.01"]
[WhiteTeam "Pontypridd"]
[BlackTeam "Richmond B"]

1. e4 e5 2. Nf3 Nc6 3. Bb5 a6 4. Ba4 Nf6 5. O-O b5 6. Bb3 Be7 7. Re1 d6 8. c3
O-O 9. h3 Be6 10. Bc2 h6 11. d3 Na5 12. Nbd2 c5 13. Nf1 Nc6 14. Ng3 Qc7 15. Be3
d5 16. d4 Rad8 17. Qc1 c4 18. exd5 Rxd5 19. dxe5 Nxe5 20. Nd4 Bc5 21. Nge2 Bxd4
22. Nxd4 Qd7 23. Bf4 Nd3 24. Bxd3 cxd3 25. Re3 Bf5 26. Qd1 Rd8 27. Be5 Ne4 28.
Bh2 Nd6 29. Bxd6 Qxd6 30. Qf3 Bg6 31. Rd1 b4 32. Rexd3 Bxd3 33. Rxd3 Re5 34.
Rd1 bxc3 35. bxc3 Qa3 36. Rb1 Qxa2 0-1

[Event "4NCL/Div4/PONTY vs. RICB"]
[Site "West Bromwich ENG"]
[Date "2006.05.29"]
[Round "11.4"]
[White "Kenyon, Scott J M"]
[Black "Davies, Peter L"]
[Result "1/2-1/2"]
[WhiteElo "1840"]
[BlackElo "1929"]
[PlyCount "56"]
[EventDate "2006.05.29"]
[EventType "team"]
[EventRounds "11"]
[EventCountry "ENG"]
[SourceDate "2006.05.01"]
[WhiteTeam "Richmond B"]
[BlackTeam "Pontypridd"]

1. e4 e5 2. Nf3 Nc6 3. Bb5 a6 4. Ba4 Nf6 5. O-O Nxe4 6. d4 b5 7. Bb3 d5 8. Nxe5
Nxe5 9. dxe5 Be6 10. a4 Bc5 11. axb5 axb5 12. Rxa8 Qxa8 13. Nd2 Nxf2 14. Rxf2
O-O 15. Kf1 Bxf2 16. Kxf2 f6 17. exf6 Qa7+ 18. Kf1 Rxf6+ 19. Nf3 c6 20. Bg5 Rf8
21. Bh4 Bg4 22. Bf2 Qf7 23. c3 Qh5 24. Bg3 Bf5 25. Bc2 Be4 26. Kg1 Qg6 27. Bb3
h6 28. Nd4 Qf6 1/2-1/2

[Event "4NCL/Div4/PONTY vs. RICB"]
[Site "West Bromwich ENG"]
[Date "2006.05.29"]
[Round "11.5"]
[White "James, Dai"]
[Black "Hall, Toby"]
[Result "1-0"]
[WhiteElo "1933"]
[BlackElo "1730"]
[PlyCount "79"]
[EventDate "2006.05.29"]
[EventType "team"]
[EventRounds "11"]
[EventCountry "ENG"]
[SourceDate "2006.05.01"]
[WhiteTeam "Pontypridd"]
[BlackTeam "Richmond B"]

1. e4 d5 2. Nc3 d4 3. Nce2 e5 4. d3 Nf6 5. c3 c5 6. Nf3 Nc6 7. g3 Bd6 8. Bg2 b5
9. O-O Qb6 10. Bg5 Bb7 11. Nh4 h6 12. Bxf6 gxf6 13. Nf5 Ne7 14. Ng7+ Kf8 15.
Nh5 f5 16. cxd4 cxd4 17. f4 fxe4 18. Nf6 Rd8 19. Nxe4 Nf5 20. Nxd6 Rxd6 21.
fxe5 Ne3 22. Qb3 Rd7 23. Rf6 Qc7 24. e6 Re7 25. Bxb7 Qxb7 26. Nf4 Kg7 27. Rxf7+
Rxf7 28. exf7 Qxf7 29. Ne6+ Kg6 30. Nxd4 Qf6 31. Qe6 Qxe6 32. Nxe6 a6 33. Nf4+
Kf5 34. Rc1 h5 35. Rc5+ Kg4 36. Kf2 Nf5 37. h3+ Kg5 38. Rc6 Ne7 39. h4+ Kf5 40.
Rc5+ 1-0

[Event "4NCL/Div4/PONTY vs. RICB"]
[Site "West Bromwich ENG"]
[Date "2006.05.29"]
[Round "11.6"]
[White "Graham, Henry"]
[Black "Lloyd, Howard"]
[Result "0-1"]
[WhiteElo "1525"]
[BlackElo "1468"]
[PlyCount "134"]
[EventDate "2006.05.29"]
[EventType "team"]
[EventRounds "11"]
[EventCountry "ENG"]
[SourceDate "2006.05.01"]
[WhiteTeam "Richmond B"]
[BlackTeam "Pontypridd"]

1. d4 d5 2. Nf3 e6 3. Bf4 c5 4. c3 Nc6 5. e3 Nf6 6. Bd3 Be7 7. Ne5 cxd4 8. exd4
Qb6 9. b3 Bd7 10. Bg5 h6 11. Bxf6 Bxf6 12. Nxd7 Kxd7 13. O-O Rac8 14. Nd2 Ne7
15. Rc1 Rc7 16. Nf3 Rhc8 17. Qd2 a6 18. Qb2 Qd6 19. c4 Qf4 20. c5 Nc6 21. Rfd1
Bxd4 22. Nxd4 Qxd4 23. Qe2 Qf6 24. Qe3 Qe7 25. Qg3 f6 26. Qh3 Nb4 27. c6+ Rxc6
28. Rxc6 Rxc6 29. Qf3 Nxd3 30. Qxd3 Qf7 31. g3 Rc7 32. Qd4 Qh5 33. Rf1 Qe5 34.
Qa4+ Kd8 35. Qb4 Ke8 36. Qa4+ Kf7 37. Qa5 d4 38. Qd2 Qd5 39. Rd1 e5 40. Qe2 Qc6
41. Rd2 Qc1+ 42. Rd1 Qc6 43. Rd2 Qe6 44. Qh5+ Kg8 45. Qf3 Rc1+ 46. Kg2 Qc6 47.
Rb2 Qxf3+ 48. Kxf3 Kf7 49. Ke4 Ke6 50. a4 f5+ 51. Kd3 Kd5 52. Re2 Rc3+ 53. Kd2
Rxb3 54. Kc2 d3+ 55. Kd2 dxe2 56. Kxe2 Ra3 57. f4 e4 58. h3 Rxg3 59. h4 b5 60.
axb5 axb5 61. Kd2 b4 62. Ke2 b3 63. Kf2 Rf3+ 64. Kg2 b2 65. h5 b1=Q 66. Kh2
Qb2+ 67. Kg1 Ra3 0-1

[Event "4NCL/Div4/SXM vs. ADD"]
[Site "West Bromwich ENG"]
[Date "2006.05.29"]
[Round "11.1"]
[White "Fraser, Joe P"]
[Black "Dupré, Paul D"]
[Result "1/2-1/2"]
[WhiteElo "2065"]
[BlackElo "2050"]
[PlyCount "50"]
[EventDate "2006.05.29"]
[EventType "team"]
[EventRounds "11"]
[EventCountry "ENG"]
[SourceDate "2006.05.01"]
[WhiteTeam "Sx Mindsports"]
[BlackTeam "Addlestone"]

1. e4 Nf6 2. e5 Nd5 3. d4 d6 4. c4 Nb6 5. f4 dxe5 6. fxe5 c5 7. d5 e6 8. Nc3
exd5 9. cxd5 c4 10. Nf3 Bg4 11. Bf4 Bb4 12. d6 Nc6 13. Be2 Nd7 14. O-O Bxc3 15.
bxc3 Qa5 16. Nd4 Bxe2 17. Qxe2 Nxd4 18. cxd4 Qd5 19. Qf3 Nb6 20. Qxd5 Nxd5 21.
Rab1 b6 22. Bg5 Rc8 23. Rb5 Nc3 24. Rb2 Nd5 25. Rb5 Nc3 1/2-1/2

[Event "4NCL/Div4/SXM vs. ADD"]
[Site "West Bromwich ENG"]
[Date "2006.05.29"]
[Round "11.2"]
[White "Marchant, Geoff"]
[Black "Bucher, Grant W"]
[Result "1-0"]
[WhiteElo "2120"]
[BlackElo "2025"]
[PlyCount "67"]
[EventDate "2006.05.29"]
[EventType "team"]
[EventRounds "11"]
[EventCountry "ENG"]
[SourceDate "2006.05.01"]
[WhiteTeam "Addlestone"]
[BlackTeam "Sx Mindsports"]

1. e4 e5 2. Nf3 f5 3. Nxe5 Qf6 4. d4 d6 5. Nc4 fxe4 6. Nc3 Qg6 7. Ne3 Nf6 8.
Be2 Nc6 9. Ncd5 Qf7 10. c4 Nxd5 11. Nxd5 Be6 12. Nf4 d5 13. O-O Bd6 14. Nxe6
Qxe6 15. Be3 O-O 16. Rc1 Kh8 17. a3 Rad8 18. b4 Bf4 19. b5 Ne7 20. Qd2 Qh6 21.
g3 Bxe3 22. fxe3 Nf5 23. Rf4 g5 24. Rf2 dxc4 25. Rxc4 Qd6 26. Qc3 Ne7 27. d5+
Kg8 28. Rxc7 Rxf2 29. Kxf2 Rd7 30. Rxd7 Qxd7 31. Kg1 Kf8 32. Qf6+ Ke8 33. Bh5+
Kd8 34. d6 1-0

[Event "4NCL/Div4/SXM vs. ADD"]
[Site "West Bromwich ENG"]
[Date "2006.05.29"]
[Round "11.3"]
[White "Tucker, Andrew L"]
[Black "Klein, Cornelia"]
[Result "1-0"]
[WhiteElo "1980"]
[BlackElo "1905"]
[PlyCount "57"]
[EventDate "2006.05.29"]
[EventType "team"]
[EventRounds "11"]
[EventCountry "ENG"]
[SourceDate "2006.05.01"]
[WhiteTeam "Sx Mindsports"]
[BlackTeam "Addlestone"]

1. d4 Nf6 2. Bg5 e6 3. e3 b6 4. f4 Bb7 5. Nf3 h6 6. Bh4 Be7 7. Bd3 d6 8. Nbd2
Nbd7 9. O-O Nd5 10. Bxe7 Qxe7 11. Qe2 f5 12. a3 O-O 13. c4 N5f6 14. e4 fxe4 15.
Nxe4 Rae8 16. Nc3 c5 17. Bg6 Rc8 18. d5 e5 19. Rae1 Ba6 20. b3 b5 21. cxb5 Bb7
22. fxe5 Nxd5 23. Nxd5 Bxd5 24. exd6 Qxd6 25. Qd3 Nb6 26. Nh4 Rxf1+ 27. Rxf1 c4
28. Bh7+ Kh8 29. Ng6+ 1-0

[Event "4NCL/Div4/SXM vs. ADD"]
[Site "West Bromwich ENG"]
[Date "2006.05.29"]
[Round "11.4"]
[White "Gibson, Christopher"]
[Black "Richardson, Joe M"]
[Result "1-0"]
[WhiteElo "1970"]
[BlackElo "1950"]
[PlyCount "73"]
[EventDate "2006.05.29"]
[EventType "team"]
[EventRounds "11"]
[EventCountry "ENG"]
[SourceDate "2006.05.01"]
[WhiteTeam "Addlestone"]
[BlackTeam "Sx Mindsports"]

1. d4 g6 2. c4 Nf6 3. Nc3 d5 4. cxd5 Nxd5 5. e4 Nxc3 6. bxc3 Bg7 7. Nf3 O-O 8.
Rb1 c5 9. Be2 Nc6 10. d5 Bxc3+ 11. Bd2 Bxd2+ 12. Qxd2 Na5 13. h4 e6 14. h5 exd5
15. hxg6 fxg6 16. exd5 Bf5 17. Rd1 Re8 18. Kf1 Rc8 19. Ng5 Re7 20. d6 Rg7 21.
Qd5+ Kh8 22. Nf7+ Rxf7 23. Qxf7 Qg8 24. Qf6+ Qg7 25. Qh4 c4 26. Bg4 Bd3+ 27.
Kg1 Rf8 28. Rh3 Nc6 29. d7 g5 30. Qh6 Ne5 31. Qe6 c3 32. Rhxd3 Nxd3 33. Rxd3 c2
34. Qe1 Qf6 35. Rf3 Qe7 36. Rxf8+ Qxf8 37. Qc3+ 1-0

[Event "4NCL/Div4/SXM vs. ADD"]
[Site "West Bromwich ENG"]
[Date "2006.05.29"]
[Round "11.5"]
[White "Bayliss, Lyall C P"]
[Black "Albrecht, Theo"]
[Result "1/2-1/2"]
[WhiteElo "1925"]
[BlackElo "1855"]
[PlyCount "78"]
[EventDate "2006.05.29"]
[EventType "team"]
[EventRounds "11"]
[EventCountry "ENG"]
[SourceDate "2006.05.01"]
[WhiteTeam "Sx Mindsports"]
[BlackTeam "Addlestone"]

1. e4 d6 2. d4 Nf6 3. Nc3 Nbd7 4. Be3 e5 5. f3 c6 6. Qd2 Qc7 7. O-O-O b5 8.
Nce2 a5 9. Ng3 Nb6 10. d5 Be7 11. dxc6 b4 12. Bb5 O-O 13. h4 Rd8 14. Qf2 Rb8
15. Bxb6 Rxb6 16. Ba4 Ba6 17. Nf5 Bf8 18. h5 Bb5 19. Bxb5 Rxb5 20. Qg3 a4 21.
Nxg7 Bxg7 22. h6 Ne8 23. Rh4 f6 24. Rd5 Qxc6 25. Rg4 Rd7 26. Rxb5 Qxb5 27. Qe1
b3 28. axb3 axb3 29. cxb3 Rc7+ 30. Kd2 Qb4+ 31. Ke2 Rc2+ 32. Kf1 Qxe1+ 33. Kxe1
Rxb2 34. Ne2 Rxb3 35. Ng3 Kh8 36. hxg7+ Nxg7 37. Rh4 Rb4 38. Rh6 Ne8 39. Nh5
Rb1+ 1/2-1/2

[Event "4NCL/Div4/SXM vs. ADD"]
[Site "West Bromwich ENG"]
[Date "2006.05.29"]
[Round "11.6"]
[White "Burgess, Thomas"]
[Black "Grant, David"]
[Result "1/2-1/2"]
[WhiteElo "1820"]
[BlackElo "1765"]
[PlyCount "33"]
[EventDate "2006.05.29"]
[EventType "team"]
[EventRounds "11"]
[EventCountry "ENG"]
[SourceDate "2006.05.01"]
[WhiteTeam "Addlestone"]
[BlackTeam "Sx Mindsports"]

1. d4 Nf6 2. Bg5 e6 3. e4 h6 4. Bxf6 Qxf6 5. Nf3 c5 6. c3 Nc6 7. Be2 cxd4 8.
cxd4 Bb4+ 9. Nc3 O-O 10. O-O a6 11. d5 Ne5 12. Qb3 Ba5 13. Nd2 g5 14. a4 Bc7
15. g3 g4 16. Rac1 Qg5 17. f4 1/2-1/2

[Event "4NCL/Div4/CHED vs. GLOSG"]
[Site "West Bromwich ENG"]
[Date "2006.05.29"]
[Round "11.1"]
[White "Wallace, Paul"]
[Black "White, Michael J R"]
[Result "1-0"]
[WhiteElo "2235"]
[BlackElo "2175"]
[PlyCount "75"]
[EventDate "2006.05.29"]
[EventType "team"]
[EventRounds "11"]
[EventCountry "ENG"]
[SourceDate "2006.05.01"]
[WhiteTeam "Cheddleton"]
[BlackTeam "Glos Gambits"]

1. e4 c5 2. Nf3 Nc6 3. d4 cxd4 4. Nxd4 Nf6 5. Nc3 e5 6. Ndb5 d6 7. Bg5 a6 8.
Na3 b5 9. Nd5 Be7 10. Bxf6 Bxf6 11. c3 O-O 12. Nc2 Bg5 13. a4 bxa4 14. Rxa4 a5
15. Bc4 Rb8 16. b3 Kh8 17. O-O Bd7 18. Ra2 g6 19. Kh1 Bh6 20. Nce3 Rb7 21. Ba6
Ra7 22. Bd3 f5 23. Nc4 Be6 24. Bc2 f4 25. f3 Rg8 26. b4 axb4 27. Rxa7 Nxa7 28.
cxb4 Nb5 29. Qa1 Nd4 30. Bd3 Nf5 31. Qa5 Bxd5 32. Qxd8 Rxd8 33. exd5 Kg7 34. b5
Kf7 35. Bxf5 gxf5 36. b6 e4 37. b7 Ke7 38. Na5 1-0

[Event "4NCL/Div4/CHED vs. GLOSG"]
[Site "West Bromwich ENG"]
[Date "2006.05.29"]
[Round "11.2"]
[White "Hosken, Nigel"]
[Black "Richardson, Alex"]
[Result "0-1"]
[WhiteElo "2105"]
[BlackElo "2200"]
[PlyCount "134"]
[EventDate "2006.05.29"]
[EventType "team"]
[EventRounds "11"]
[EventCountry "ENG"]
[SourceDate "2006.05.01"]
[WhiteTeam "Glos Gambits"]
[BlackTeam "Cheddleton"]

1. d4 Nf6 2. c4 e6 3. Nc3 Bb4 4. Bg5 h6 5. Bh4 c5 6. d5 Bxc3+ 7. bxc3 d6 8. e3
Qe7 9. Bd3 Nbd7 10. Bc2 exd5 11. cxd5 Qe5 12. Bxf6 Nxf6 13. Ba4+ Ke7 14. Ne2
Qxd5 15. Nf4 Qxd1+ 16. Rxd1 g5 17. Ne2 Be6 18. a3 h5 19. h4 Rag8 20. hxg5 Rxg5
21. Nf4 Nd5 22. Nxe6 fxe6 23. Rc1 Rxg2 24. Bd1 Rg5 25. Bf3 Rf8 26. Bxh5 Rh8 27.
Bf3 Rxh1+ 28. Bxh1 Rg1+ 29. Kd2 Rxc1 30. Kxc1 Nxc3 31. Bxb7 d5 32. Kc2 Nb5 33.
Kb3 Kd6 34. Bc8 Nc7 35. f4 Ke7 36. Ka4 Kf6 37. Kb3 Kf5 38. Kc2 Ke4 39. Kd2 a5
40. Bd7 Kf5 41. Bc6 c4 42. Bd7 Na6 43. Ba4 Nc5 44. Bc2+ Ne4+ 45. Ke1 e5 46.
fxe5 Kxe5 47. Kd1 Kd6 48. Kc1 Kc5 49. Ba4 Nf6 50. Kd2 Kd6 51. Ke2 Ne4 52. Be8
Kc5 53. Kd1 Nd6 54. Bd7 Nb5 55. a4 Nd6 56. Kc2 Ne4 57. Kb2 Kd6 58. Bb5 Nf6 59.
Kc3 Kc5 60. Kd2 Kb4 61. Bc6 Kb3 62. Kc1 Kc3 63. Bb5 Kd3 64. Kd1 Ng4 65. Kc1
Nxe3 66. Be8 Kc3 67. Bg6 d4 0-1

[Event "4NCL/Div4/CHED vs. GLOSG"]
[Site "West Bromwich ENG"]
[Date "2006.05.29"]
[Round "11.3"]
[White "Gilmore, Simon N"]
[Black "Buchanan, David"]
[Result "1/2-1/2"]
[WhiteElo "2140"]
[BlackElo "2095"]
[PlyCount "59"]
[EventDate "2006.05.29"]
[EventType "team"]
[EventRounds "11"]
[EventCountry "ENG"]
[SourceDate "2006.05.01"]
[WhiteTeam "Cheddleton"]
[BlackTeam "Glos Gambits"]

1. e4 e6 2. d4 d5 3. Nc3 Bb4 4. e5 c5 5. a3 Bxc3+ 6. bxc3 Qa5 7. Bd2 Qa4 8. Qb1
c4 9. f4 Nc6 10. Nf3 Nge7 11. Be2 Bd7 12. O-O h6 13. Qb2 b6 14. g4 O-O-O 15.
Kg2 Rdf8 16. Rf2 f5 17. h3 Be8 18. Raf1 Bg6 19. Nh4 Bh7 20. Bd1 Kd7 21. Be3 Ng6
22. Kg3 Nxh4 23. Kxh4 Ne7 24. Kg3 Bg6 25. Qb4 Qxb4 26. cxb4 b5 27. c3 Ra8 28.
Ra2 a5 29. Rff2 a4 30. Rh2 1/2-1/2

[Event "4NCL/Div4/CHED vs. GLOSG"]
[Site "West Bromwich ENG"]
[Date "2006.05.29"]
[Round "11.4"]
[White "Dodwell, Phil"]
[Black "Buxton, David E"]
[Result "1/2-1/2"]
[WhiteElo "2060"]
[BlackElo "2110"]
[PlyCount "134"]
[EventDate "2006.05.29"]
[EventType "team"]
[EventRounds "11"]
[EventCountry "ENG"]
[SourceDate "2006.05.01"]
[WhiteTeam "Glos Gambits"]
[BlackTeam "Cheddleton"]

1. e4 e6 2. Nf3 d5 3. e5 c5 4. b4 cxb4 5. d4 Nc6 6. Bd3 Nge7 7. O-O Nf5 8. Bxf5
exf5 9. a3 Be6 10. axb4 Bxb4 11. c3 Be7 12. Ba3 O-O 13. Nbd2 Qc7 14. Kh1 Rfc8
15. Ng1 Bxa3 16. Rxa3 Qe7 17. Qa1 f4 18. Ne2 Qg5 19. c4 dxc4 20. Ne4 Qh4 21.
Rf3 g5 22. Nf6+ Kg7 23. g3 Qh3 24. Ng1 Qf5 25. gxf4 g4 26. Re3 Ne7 27. Ne2 Bd5+
28. Nxd5 Nxd5 29. Ng3 Qd7 30. Re4 c3 31. f5 c2 32. Qc1 Qc6 33. Rxg4+ Kh8 34.
Ne4 Nb4 35. f3 Rg8 36. Rh4 Nd3 37. Nf6 Qxf6 38. exf6 Nxc1 39. Rxc1 Rac8 40. Re4
Rc6 41. Re7 Rb6 42. Rc7 a5 43. R7xc2 Rxf6 44. Rc5 Ra8 45. R1c3 Kg7 46. Kg2 b6
47. Rb5 Rd6 48. d5 Kf6 49. Rc6 Rxc6 50. dxc6 Ke7 51. Rxb6 Kd6 52. Rb7 Kxc6 53.
Rxf7 a4 54. Re7 a3 55. Re1 a2 56. Ra1 Kb5 57. Kg3 Kb4 58. Kf4 Kb3 59. Ke5 Re8+
60. Kf6 Kb2 61. Rxa2+ Kxa2 62. Kg7 Re7+ 63. Kg8 Re2 64. f6 Rxh2 65. f7 Rg2+ 66.
Kxh7 Rh2+ 67. Kg7 Rg2+ 1/2-1/2

[Event "4NCL/Div4/CHED vs. GLOSG"]
[Site "West Bromwich ENG"]
[Date "2006.05.29"]
[Round "11.5"]
[White "McKenna, Jason P"]
[Black "Taylor, Geoffrey P"]
[Result "1-0"]
[WhiteElo "2120"]
[BlackElo "2050"]
[PlyCount "81"]
[EventDate "2006.05.29"]
[EventType "team"]
[EventRounds "11"]
[EventCountry "ENG"]
[SourceDate "2006.05.01"]
[WhiteTeam "Cheddleton"]
[BlackTeam "Glos Gambits"]

1. e4 c5 2. Nf3 Nc6 3. d4 cxd4 4. Nxd4 a6 5. Nc3 e6 6. Be3 Nf6 7. a3 Qc7 8. Be2
b5 9. Nxc6 dxc6 10. O-O Bb7 11. f3 c5 12. Qe1 Bd6 13. Qh4 h6 14. Rad1 Bc6 15.
Kh1 O-O-O 16. Qf2 Bxh2 17. f4 Rxd1 18. Rxd1 b4 19. e5 bxc3 20. Bxa6+ Kb8 21.
exf6 cxb2 22. Rb1 Qb6 23. Bd3 gxf6 24. c3 Qd8 25. Qxb2+ Ka8 26. Qb6 Bxg2+ 27.
Kxh2 Qxb6 28. Rxb6 Bd5 29. Bxc5 Rg8 30. Rb2 e5 31. f5 e4 32. Bf1 Rg5 33. Bh3
Rg8 34. Bd4 Rd8 35. Re2 Rb8 36. Bg2 Re8 37. Bxf6 Kb7 38. Kg3 Rg8+ 39. Kf4 h5
40. Bxe4 Rg4+ 41. Ke5 1-0

[Event "4NCL/Div4/CHED vs. GLOSG"]
[Site "West Bromwich ENG"]
[Date "2006.05.29"]
[Round "11.6"]
[White "Dixon, Richard J"]
[Black "Bennett, Patrick"]
[Result "0-1"]
[WhiteElo "2005"]
[BlackElo "2080"]
[PlyCount "78"]
[EventDate "2006.05.29"]
[EventType "team"]
[EventRounds "11"]
[EventCountry "ENG"]
[SourceDate "2006.05.01"]
[WhiteTeam "Glos Gambits"]
[BlackTeam "Cheddleton"]

1. e4 c5 2. c4 Nc6 3. Nc3 g6 4. Nge2 Bg7 5. g3 Ne5 6. Nf4 d6 7. d3 Nf6 8. Bg2
Bg4 9. f3 Bd7 10. Nfd5 O-O 11. O-O Nxd5 12. Nxd5 Nc6 13. Be3 Rb8 14. Rb1 b5 15.
Qd2 e6 16. Nc3 b4 17. Ne2 b3 18. a3 e5 19. Bh6 f5 20. Bxg7 Kxg7 21. f4 Nd4 22.
Nxd4 exd4 23. Rfe1 fxe4 24. Bxe4 Bf5 25. Bxf5 Rxf5 26. Re6 d5 27. Rbe1 Rb7 28.
Qg2 Rd7 29. cxd5 Rfxd5 30. Qe4 Qf8 31. g4 c4 32. dxc4 Rc5 33. f5 gxf5 34. Qf4
Rc8 35. gxf5 d3 36. f6+ Kh8 37. Rd1 Qg8+ 38. Qg3 Qxe6 39. Rxd3 Rg8 0-1

[Event "4NCL/Div4/MET vs. GUI4"]
[Site "West Bromwich ENG"]
[Date "2006.05.29"]
[Round "11.1"]
[White "Noden, Nicolas"]
[Black "Richardson, Keith B"]
[Result "0-1"]
[WhiteElo "2150"]
[BlackElo "2240"]
[PlyCount "70"]
[EventDate "2006.05.29"]
[EventType "team"]
[EventRounds "11"]
[EventCountry "ENG"]
[SourceDate "2006.05.01"]
[WhiteTeam "Metropolitan"]
[BlackTeam "Guildford-ADC 4"]

1. c4 g6 2. g3 Bg7 3. Bg2 e5 4. Nc3 Nc6 5. e4 d6 6. Nge2 Nge7 7. d3 O-O 8. O-O
a6 9. Bg5 h6 10. Be3 Nd4 11. f4 Rb8 12. Qd2 Kh7 13. Bf2 b5 14. cxb5 axb5 15.
Nxd4 exd4 16. Ne2 c5 17. Rfc1 Qb6 18. b4 Bb7 19. Rc2 f5 20. e5 Bxg2 21. Kxg2
Nd5 22. bxc5 dxc5 23. Rac1 Rfc8 24. Kg1 Rc7 25. h3 b4 26. Kh2 Nc3 27. g4 fxg4
28. hxg4 Qe6 29. Nxc3 bxc3 30. Qe2 Rcb7 31. Bg3 Rb2 32. Qf2 Qxg4 33. Rxb2 Rxb2
34. Rc2 Rb1 35. Kg2 Qd1 0-1

[Event "4NCL/Div4/MET vs. GUI4"]
[Site "West Bromwich ENG"]
[Date "2006.05.29"]
[Round "11.2"]
[White "Jackson, Adrian"]
[Black "Calvert, D Ian"]
[Result "1/2-1/2"]
[WhiteElo "2190"]
[BlackElo "2075"]
[PlyCount "40"]
[EventDate "2006.05.29"]
[EventType "team"]
[EventRounds "11"]
[EventCountry "ENG"]
[SourceDate "2006.05.01"]
[WhiteTeam "Guildford-ADC 4"]
[BlackTeam "Metropolitan"]

1. e4 d5 2. exd5 Qxd5 3. Nc3 Qd6 4. d4 Nf6 5. Bc4 a6 6. Nf3 b5 7. Bb3 Bb7 8.
Ne5 e6 9. Bf4 c5 10. dxc5 Qxd1+ 11. Rxd1 Bxc5 12. O-O Nc6 13. Nxc6 Bxc6 14. Bd6
Bxd6 15. Rxd6 Rc8 16. Rfd1 Ke7 17. R6d4 Rhd8 18. f3 Rxd4 19. Rxd4 Rd8 20. Rxd8
Kxd8 1/2-1/2